000 00872cad a22002295a 4500
001 L157305
008 121015s20121015 d f s 000 0 eng u
035 _a(Sirsi) u157305
041 0 _aeng
050 _a333.33 $2 18
110 2 _aRightmove
245 0 0 _aAsking prices jump by 3.5%, though buyers warned of overpricing risk
_h[electronic resource]
260 _aLondon
_bRightmove
_c2012
490 0 0 _aRightmove House Price Index
_vOctober 2012
520 _aNew sellers average asking prices increased by 3.5% in September 2012. Higher asking prices may put potential viewers off.
590 _aKA
650 2 4 _aRIGHTMOVE HOUSE PRICE INDEX
651 4 _aUnited Kingdom
_y
690 _aResidential property
_96266
856 4 0 _uhttps://www.rightmove.co.uk/news/files/2012/10/october-2012.pdf
_zView the item free of charge at www.rightmove.co.uk
942 _n0
999 _c114714
_d114714